000 00514nam a2200169 i 4500
001 102152
003 ES-MaACL
005 20230906183043.0
007 t|
008 051104s1968 sp ||||1| spa d
100 1 _aMendizábal, Federico de.
_980208
245 1 0 _aAlba de Monte Carmelo /
_cFederico de Mendizabal; comentarios de Luis López Prieto.
260 _aMadrid :
_bGesta,
_c1968.
300 _a154 p., 3 h. ;
_c17 cm.
700 1 _aLópez Prieto, Luis.
_973900
852 _aES-MaACL
_jC-36865
_bR.66236
999 _c102152
_d102152